Egy ház halála
Elmentve itt :
| Szerző: | |
|---|---|
| Dokumentumtípus: | Cikk |
| Megjelent: |
1972-07-01
|
| Sorozat: | Délmagyarország
62 No. 153 |
| Kulcsszavak: | nevezetes házak |
| Online Access: | http://dmarchiv.bibl.u-szeged.hu/102799 |
| LEADER | 00447nab a2200157 i 4500 | ||
|---|---|---|---|
| 001 | delm102799 | ||
| 005 | 20190320094349.0 | ||
| 008 | 190320s1972 hu o 0|| hun d | ||
| 040 | |a SZTE Délmagyarország Archívum |b hun | ||
| 041 | |a hun | ||
| 100 | 1 | |a Somogyi Károlyné | |
| 245 | 1 | 0 | |a Egy ház halála |h [elektronikus dokumentum] / |c Somogyi Károlyné |
| 260 | |c 1972-07-01 | ||
| 300 | |a 3 | ||
| 490 | 0 | |a Délmagyarország |v 62 No. 153 | |
| 695 | |a nevezetes házak | ||